The mcgraw hill dictionary of misspelled and easily confused words , chose the right word and spell it correctly (Record no. 572986)

000 -LEADER
fixed length control field 00583nam a22001817a 4500
003 - CONTROL NUMBER IDENTIFIER
control field CEME
005 - DATE AND TIME OF LATEST TRANSACTION
control field 20210628203306.0
008 - FIXED-LENGTH DATA ELEMENTS--GENERAL INFORMATION
fixed length control field 210204b xxu||||| |||| 00| 0 eng d
020 ## - INTERNATIONAL STANDARD BOOK NUMBER
International Standard Book Number 9780070637176
040 ## - CATALOGING SOURCE
Transcribing agency .
082 ## - DEWEY DECIMAL CLASSIFICATION NUMBER
Classification number 423.1 DOW
100 ## - MAIN ENTRY--PERSONAL NAME
Personal name Downing, David , Williams, D.K
9 (RLIN) 64522
245 ## - TITLE STATEMENT
Title The mcgraw hill dictionary of misspelled and easily confused words , chose the right word and spell it correctly
260 ## - PUBLICATION, DISTRIBUTION, ETC.
Place of publication, distribution, etc. NEW DELHI
Name of publisher, distributor, etc. TATA MCGRAW HILL
Date of publication, distribution, etc. 2006
300 ## - PHYSICAL DESCRIPTION
Extent 516P
650 ## - SUBJECT ADDED ENTRY--TOPICAL TERM
Topical term or geographic name entry element DICTIONARY OF MISSPELLED AND EASILY CONFUSED WORDS.
9 (RLIN) 64523
942 ## - ADDED ENTRY ELEMENTS (KOHA)
Koha item type Book
Source of classification or shelving scheme
Holdings
Withdrawn status Lost status Damaged status Not for loan Permanent Location Current Location Shelving location Date acquired Total Checkouts Full call number Barcode Date last seen Price effective from Koha item type
        College of Electrical & Mechanical Engineering (CEME) College of Electrical & Mechanical Engineering (CEME) General Stacks 07/26/2017   423.1 DOW CEME-45948 06/28/2021 06/28/2021 Book
© 2023 Central Library, National University of Sciences and Technology. All Rights Reserved.